000 01260nam a22003497a 4500
003 CHAP
005 20220329141036.0
008 971013s1996 r 00010 d
010 _a61732
011 _a62704
035 _a66879
040 _cCHAP
090 _aTesis
100 0 0 _aParedes Zavala, J. Carmen.
_985533
245 _aControl químico postemergente de cebada (Hordeum vulgare L.) en el cultivo de sorgo (Sorghum bicolor (L.) Moench) en Chapingo, México
260 _aChapingo, Méx. :
_bEl autor,
_c1996
300 _a43 h.
502 _aTesis (Ing. Agr. Esp. en Parasitología Agrícola) -- UACH. Departamento de Parasitología Agrícola
590 _aALEPH
_b10
_c20130110
_lUCH01
_h1344
590 _aBATCH-UPD
_b10
_c20130110
_lUCH01
_h0731
590 _aBATCH-UPD
_b10
_c20130410
_lUCH01
_h0414
590 _aBATCH-UPD
_b10
_c20130914
_lUCH01
_h1608
590 _aCONVERSION
_b10
_c20130109
_lUCH01
_h1333
650 1 4 _aHerbicidas.
_953691
650 1 4 _aSorgo
_xMalas hierbas
_xControl.
_9108692
650 1 4 _aSorgo
_xRendimiento.
_9108714
650 1 4 _aSorgo
_zMéxico (Edo.).
_9108740
901 _aBK
942 _cFOLL
949 _bBC
_cTES
_d-152121
_eTS1
_h30705
_i66879
_si
949 _bBC
_cTES
_d33724000625562
_eTS2
_fc.2
_h30706
_i66879
_si
999 _c61732
_d61732